Quiz Cultura Generale - Quiz n°9 - Statistics

Statistiche generali
  • Questo quiz è stato fatto 236 volte
  • Il punteggio medio è 7 su 15
Statistiche sulle risposte
Domanda Risposta % Corretto
Come si traduce il termine inglese "house"? Casa
100%
Qual è il colore dominante della bandiera dell'Arabia Saudita? Verde
89%
Quanti inning ci sono in una partita di baseball? 9
78%
Qual è la capitale della Moldavia? Chișinău
65%
Come è detta la componente liquida del sangue contenente proteine, nutrienti, prodotti del metabolismo, ormoni e elettroliti inorganici, ma priva di cellule? Plasma
61%
Come si chiama la squadra di calcio della città di Reggio Emilia? Reggiana
61%
Quale libro religioso narra della fuga dagli ebrei dall'Egitto guidati dal profeta Mosè? Esodo
55%
Chi ha dipinto la "La persistenza della memoria"? Salvador Dalí
39%
Affacciandosi da quale palazzo, Mussolini annunciò l'entrata in guerra dell'Italia nella seconda guerra mondiale? Palazzo Venezia
31%
Chi ha scritto il brano "Knockin' on Heaven's Door"? Bob Dylan
27%
Quale gruppo statunitense canta il brano "YMCA"? Village People
27%
Chi ha interpretato re Giorgio VI nel film "Il discorso del Re"? Colin Firth
23%
Quale editto pose fine alle guerre di religione che avevano devastato la Francia dal 1562 al 1598? Editto di Nantes
17%
Come sono chiamati gli abitanti del Burkina Faso? Burkinabé
8%
Quale regione del sistema solare si estende dall'orbita di Nettuno fino a 50 UA dal Sole? Fascia di Kuiper
6%
Nessun quiz corrispondente trovato
Distribuzione punteggi
Percentuale di utenti per punteggio
Percentile per numero di risposta
I tuoi punteggi nel tempo
Non hai fatto questo quiz